Mathematics of finance
Contains a very thorough chapter on the mathematics of bonds. Anyone with an interest in finance and a serious aptitude for algebra would enjoy this book.
Đã lưu trong:
| Tác giả chính: | |
|---|---|
| Định dạng: | Sách |
| Ngôn ngữ: | Undetermined |
| Được phát hành: |
New York
McGraw-Hill
1971
|
| Những chủ đề: | |
| Các nhãn: |
Thêm thẻ
Không có thẻ, Là người đầu tiên thẻ bản ghi này!
|
| Thư viện lưu trữ: | Trung tâm Học liệu Trường Đại học Cần Thơ |
|---|
| LEADER | 00686nam a2200193Ia 4500 | ||
|---|---|---|---|
| 001 | CTU_186569 | ||
| 008 | 210402s9999 xx 000 0 und d | ||
| 082 | |a 511.8 | ||
| 082 | |b H925 | ||
| 100 | |a Hummel, Paul Matthew | ||
| 245 | 0 | |a Mathematics of finance | |
| 245 | 0 | |c Paul M. Hummel and Charles L. Seebeck | |
| 260 | |a New York | ||
| 260 | |b McGraw-Hill | ||
| 260 | |c 1971 | ||
| 520 | |a Contains a very thorough chapter on the mathematics of bonds. Anyone with an interest in finance and a serious aptitude for algebra would enjoy this book. | ||
| 650 | |a Business mathematics,Toán trong kinh doanh | ||
| 910 | |a Hải | ||
| 980 | |a Trung tâm Học liệu Trường Đại học Cần Thơ | ||